=LDR 00000nam 2200000 4500 =001 INLIS000000000048578 =005 20161124094314.0 =006 =007 =008 =020 ##$$a 978-602-9052-16-9 =035 ##$$0010-111600000000157 =040 ##$$a NBPDMAT =082 ##$$a 720.959 811 =090 ##$$a 720.959 811 $bAgu a =100 ##$$a Agus Budi Wibowo =245 ##$$a Arsitektur tradisional Tamiang $c / Drs. Agus Budi Wibowo. M.Si. =260 ##$$a Jakarta $b Kementrian Kebudayaan dan Pariwisata $c 2012 =300 ##$$a viii, 153 hlm. : $b ilus. ; $c 20 cm =500 ##$$a Bibliografi : hlm 131 - 138 =650 ##$$a Arsitektur Tradisional Tamiang =850 ##$$a NBPDMAT =990 ##$$a 31600219